Итоги уборки, хлебопоставок, осеннего сева 1935 года и ближайшие задачи хозяйственного и культурного строительства Немреспублики (Запись № 7201290)

Подробности
000 -МАРКЕР
контрольное поле 01281nam0a22002531 4500
001 - ИДЕНТИФИКАТОР ЗАПИСИ
контрольное поле rc\3013701
005 - ИДЕНТИФИКАТОР ВЕРСИИ
контрольное поле 20250530012912.0
035 ## - ДРУГИЕ СИСТЕМНЫЕ НОМЕРА
Идентификатор записи (NLR Aleph) 007156088
100 ## - ДАННЫЕ ОБЩЕЙ ОБРАБОТКИ
Данные общей обработки 20110924d1935 |||y0rusy50 ca
101 0# - ЯЗЫК РЕСУРСА
Язык текста, звукозаписи и т.д. русский
102 ## - СТРАНА ПУБЛИКАЦИИ ИЛИ ПРОИЗВОДСТВА
Страна публикации Российская Федерация
105 ## - ПОЛЕ КОДИРОВАННЫХ ДАННЫХ: ТЕКСТОВЫЕ МАТЕРИАЛЫ, МОНОГРАФИЧЕСКИЕ
Кодированные данные о монографическом текстовом документе c z |||||
200 1# - ЗАГЛАВИЕ И СВЕДЕНИЯ ОБ ОТВЕТСТВЕННОСТИ
Основное заглавие Итоги уборки, хлебопоставок, осеннего сева 1935 года и ближайшие задачи хозяйственного и культурного строительства Немреспублики
Сведения, относящиеся к заглавию Доклад пред. Центр. исполн. ком. и Сов. нар. ком. АССРНП т. А.А. Вельш на III сессии ЦИК'а 30 сент. - 2 окт.
210 ## - ПУБЛИКАЦИЯ, РАСПРОСТРАНЕНИЕ И ДР.
Место издания, распространения и т.д. Энгельс
Имя издателя, распространителя и т. д. Немгосиздат
Дата издания, распространения и т.д. 1935
Имя изготовителя тип. НКМП
215 ## - ФИЗИЧЕСКАЯ ХАРАКТЕРИСТИКА
Специфическое обозначение материала и объем Обл., 30 с., 1 вкл. л. портр.
Другие сведения о физической характеристике портр.
Размеры 18×13 см
300 ## - ОБЩИЕ ПРИМЕЧАНИЯ
Текст примечания На обл. загл.: Все силы на борьбу за передовую республику
512 00 - ЗАГЛАВИЕ ОБЛОЖКИ
Заглавие обложки Все силы на борьбу за передовую республику
700 #1 - ИМЯ ЛИЦА - ПЕРВИЧНАЯ ОТВЕТСТВЕННОСТЬ
Начальный элемент ввода Вельш
Часть имени, кроме начального элемента ввода А.А.
Расширение инициалов личного имени Адам Андреевич
801 #0 - ИСТОЧНИК ЗАПИСИ
Страна Российская Федерация
Организация NLR
Правила каталогизации psbo
801 #1 - ИСТОЧНИК ЗАПИСИ
Страна Российская Федерация
Организация ELAR
Источник данных rusmarc
852 ## - МЕСТОНАХОЖДЕНИЕ И ШИФР ХРАНЕНИЯ
Идентификатор организации NLR
Шифр хранения (Call Number) 35-9/1616
942 ## - ДОПОЛНИТЕЛЬНЫЕ ЭЛЕМЕНТЫ ЗАПИСИ (АБИС)
Тип экземпляра АБИС Книга
980 ## - КОЛЛЕКЦИЯ
Название коллекции Национальная библиография
Экземпляры
Тип экземпляра Дата поступления Библиотека постоянного хранения Библиотека текущего хранения Место хранения Шифр хранения Штрих-код Статус экземпляра
Книга 26.10.2013 РНБ (Садовая) РНБ (Садовая) Русский книжный фонд -Главное здание, Ленинский читальный зал 35-9/1616 7156088-10